Le Cid

Guardado en:
Bibliografiske detaljer
Hovedforfatter: Corneille, Pierre
Format: Bog
Sprog:Undetermined
Udgivet: París, Francia Bordas 1967
Fag:
Tags: Tilføj Tag
Ingen Tags, Vær først til at tagge denne postø!

MARC

LEADER 00000nam a2200000Ia 4500
008 170316s9999 xx 000 0 und d
040 |a cru BVZT 
090 |a 840 C-12ci 
100 |a Corneille, Pierre 
245 |a Le Cid 
260 |a París, Francia 
260 |b Bordas 
260 |c 1967 
300 |a 127 páginas 
650 |a LITERATURA FRANCESA 
999 |c 7571  |d 7571 
942 |c 15 D  |h 840 C-12ci  |2 z